000
00267nam a2200121Ia 4500
008
230303s9999 xx 000 0 und d
041
_a
eng
082
_a
050 SAC
100
_a
SACHDEVA (S.K)
245
_a
Year Book 2014
260
_a
ND
_b
: A PRESS A
365
_c
RS
999
_c
184272
_d
184272